Sekuritizácia a metódy oceňovania CAT dlhopisov
Finančné toky v sekuritizácii katastrofického rizika špecifickými cennými papiermi ILS (Insurance – Linked Securities). Prezentácia prístupov ocenenia CAT (katastrofických) dlhopisov s obmedzujúcimi predpokladmi. Neparametrický prístup konštrukcie hustoty rozdelenia katastrofických strát s ocenením...
Uložené v:
| Hlavný autor: | |
|---|---|
| Ďalší autori: | |
| Médium: | Kapitola |
| Jazyk: | Slovak |
| Predmet: | |
| Tagy: |
Žiadne tagy, Buďte prvý, kto otaguje tento záznam!
|
MARC
| LEADER | 00000nla a2200000 4500 | ||
|---|---|---|---|
| 001 | 0242539 | ||
| 005 | 20240502083650.6 | ||
| 041 | 0 | |a slo | |
| 044 | |a CZ | ||
| 245 | 1 | 0 | |a Sekuritizácia a metódy oceňovania CAT dlhopisov |c Ľudovít Pinda, Lenka Smažáková |
| 520 | |a Finančné toky v sekuritizácii katastrofického rizika špecifickými cennými papiermi ILS (Insurance – Linked Securities). Prezentácia prístupov ocenenia CAT (katastrofických) dlhopisov s obmedzujúcimi predpokladmi. Neparametrický prístup konštrukcie hustoty rozdelenia katastrofických strát s ocenením CAT dlhopisu a s aplikáciou v poistení poľnohospodárskej úrody. | ||
| 610 | 2 | 0 | |a sekuritizácia |
| 610 | 2 | 0 | |a dlhopisy |
| 610 | 2 | 0 | |a oceňovanie |
| 610 | 2 | 0 | |a poistenie |
| 610 | 2 | 0 | |a výroba poľnohospodárska |
| 610 | 2 | 0 | |a riziko finančné |
| 100 | 1 | |a Pinda, Ľudovít, 1958- | |
| 700 | 1 | |a Smažáková, Lenka, 1991- | |